| 000 | 00538nam a22001817a 4500 | ||
|---|---|---|---|
| 008 | 150715b xxu||||| |||| 00| 0 eng d | ||
| 020 | _a0767415299 | ||
| 041 | 0 | _aeng | |
| 080 | _a336.7 | ||
| 100 | _aRothwell, J. Dan ; | ||
| 245 |
_aIn the company of others : _cJ. Dan Rothwell. |
||
| 260 |
_aCalifornia : _bMayfield Publishing Company ; _c2000. |
||
| 300 |
_a534 f. : _bme il. ; _c24 cm. |
||
| 500 | _aPreface: f. vii-xii | ||
| 505 | _aindex; f. 529-534 | ||
| 650 | 0 | _aKomunikimi | |
| 942 |
_2udc _cBK |
||
| 999 |
_c1121 _d1121 |
||